[Event "ÎÏÅÍ-ÒÓÐÍÈÐ ÏÎÑÂßÙÅÍÍÛÉ 100-ËÅÒÈÞ È.Ë.ÈÒ"]
[Site "MOSCOW, Russia"]
[Date "2011.08.12"]
[Round "1"]
[White "Vul, Arkadi Eremeevich"]
[Black "Cherviakov, Valery"]
[Result "1-0"]
[WhiteElo "2336"]
[BlackElo "1998"]
[PlyCount "55"]
[EventDate "2011.??.??"]

1. Nf3 Nf6 2. c4 e6 3. Nc3 c5 4. g3 b6 5. Bg2 Bb7 6. O-O a6 7. d4 cxd4 8. Qxd4
Nc6 9. Qf4 d6 10. Rd1 Qc7 11. b3 Rd8 12. Ba3 Be7 13. Rac1 Qb8 14. Rc2 O-O 15.
Rcd2 Ne5 16. Nxe5 dxe5 17. Bxe7 Rde8 18. Qe3 Rxe7 19. Qxb6 Bxg2 20. Qxb8 Rxb8
21. Kxg2 Kf8 22. Rd8+ Re8 23. R8d6 Ra8 24. Rb6 Rec8 25. Rb7 Rc5 26. Na4 Rc6 27.
Nb6 Re8 28. Nd7+ 1-0

[Event "ÎÏÅÍ-ÒÓÐÍÈÐ ÏÎÑÂßÙÅÍÍÛÉ 100-ËÅÒÈÞ È.Ë.ÈÒ"]
[Site "MOSCOW, Russia"]
[Date "2011.08.12"]
[Round "1"]
[White "Grigoryeva, Olga A"]
[Black "Losev, Dmitry"]
[Result "1/2-1/2"]
[WhiteElo "2083"]
[BlackElo "2317"]
[PlyCount "59"]
[EventDate "2011.??.??"]

1. d4 Nf6 2. c4 e6 3. Nc3 Bb4 4. f3 c5 5. d5 b5 6. e4 bxc4 7. Bxc4 Nxd5 8. Bxd5
exd5 9. Qxd5 Nc6 10. Bg5 Qa5 11. Nge2 Ba6 12. Rd1 O-O 13. Kf2 Rae8 14. Bf4 Bxc3
15. Nxc3 Nb4 16. Qd6 c4 17. Qc7 Nd3+ 18. Rxd3 Qxc7 19. Bxc7 cxd3 20. Bd6 f5 21.
Bxf8 Kxf8 22. exf5 d5 23. Rd1 d4 24. Ne4 Rc8 25. Rd2 Ke7 26. Ke1 Rc1+ 27. Rd1
Rc2 28. Rd2 Rc1+ 29. Rd1 Rc2 30. Rd2 1/2-1/2

[Event "ÎÏÅÍ-ÒÓÐÍÈÐ ÏÎÑÂßÙÅÍÍÛÉ 100-ËÅÒÈÞ È.Ë.ÈÒ"]
[Site "MOSCOW, Russia"]
[Date "2011.08.12"]
[Round "1"]
[White "Bogumil, Pavel"]
[Black "Kuptsov, Anatoly"]
[Result "1-0"]
[WhiteElo "2270"]
[BlackElo "1972"]
[PlyCount "115"]
[EventDate "2011.??.??"]

1. e4 d5 2. exd5 Qxd5 3. Nc3 Qa5 4. d4 Nf6 5. Nf3 g6 6. Be2 Bg7 7. O-O O-O 8.
Bg5 h6 9. Bh4 Qb6 10. Na4 Qa5 11. c3 c6 12. Nc5 Qd8 13. Re1 g5 14. Bg3 b6 15.
Nb3 Be6 16. Ne5 Ne4 17. Bd3 Nxg3 18. hxg3 Qc8 19. Qe2 Bf5 20. Rad1 Bxd3 21.
Rxd3 e6 22. f4 gxf4 23. gxf4 Nd7 24. Rg3 Nxe5 25. Qxe5 f6 26. Qxe6+ Qxe6 27.
Rxe6 Rac8 28. f5 Kf7 29. Rge3 Rfe8 30. g4 Bf8 31. Kg2 c5 32. dxc5 bxc5 33. c4
Rcd8 34. Kf3 Rxe6 35. Rxe6 Rd1 36. Rc6 Rf1+ 37. Ke3 Rg1 38. Nxc5 Rxg4 39. Rc7+
Be7 40. Rxa7 h5 41. Ne4 h4 42. Kf3 Rg1 43. Rd7 Rf1+ 44. Kg2 Rf4 45. Nd6+ Kf8
46. c5 Bxd6 47. Rxd6 Rxf5 48. b4 Ke7 49. a4 Rg5+ 50. Kh3 f5 51. Rd4 Ke6 52. c6
Rg3+ 53. Kxh4 Rc3 54. b5 Ke5 55. Rb4 f4 56. b6 Rc1 57. b7 Rh1+ 58. Kg4 1-0

[Event "ÎÏÅÍ-ÒÓÐÍÈÐ ÏÎÑÂßÙÅÍÍÛÉ 100-ËÅÒÈÞ È.Ë.ÈÒ"]
[Site "MOSCOW, Russia"]
[Date "2011.08.12"]
[Round "1"]
[White "Shirman, Mikhail"]
[Black "Kondratiev, Vissarion L"]
[Result "0-1"]
[WhiteElo "1965"]
[BlackElo "2173"]
[PlyCount "90"]
[EventDate "2011.??.??"]

1. c4 c5 2. Nc3 Nc6 3. Nf3 e5 4. g3 Nf6 5. d3 h6 6. Bg2 Be7 7. O-O O-O 8. b3 d6
9. Bb2 Be6 10. Nd2 Qd7 11. Nd5 Bxd5 12. cxd5 Nb4 13. Nc4 Nbxd5 14. e4 Nb6 15.
f4 exf4 16. Rxf4 Rad8 17. Qf3 Nxc4 18. dxc4 Qe6 19. Rf5 Rde8 20. Rf1 b6 21. e5
dxe5 22. Rxe5 Qd7 23. Rf5 Bd8 24. Qf4 Re2 25. Ba1 Qd2 26. Qxd2 Rxd2 27. R5f2
Rxf2 28. Rxf2 Re8 29. Bc3 Ng4 30. Rf4 Bf6 31. Bd5 h5 32. h3 Ne3 33. Bxf6 Nxd5
34. cxd5 gxf6 35. Rxf6 Re2 36. Rf2 Re3 37. Kg2 Kf8 38. Rd2 Ke7 39. d6+ Kd7 40.
Kf2 Re6 41. Rd5 Rxd6 42. Rxh5 Rd2+ 43. Ke3 Rxa2 44. Rd5+ Ke6 45. Rd3 b5 0-1

[Event "ÎÏÅÍ-ÒÓÐÍÈÐ ÏÎÑÂßÙÅÍÍÛÉ 100-ËÅÒÈÞ È.Ë.ÈÒ"]
[Site "MOSCOW, Russia"]
[Date "2011.08.12"]
[Round "1"]
[White "Yudkevich, Mikhail"]
[Black "Kashirsky, Eugeny D"]
[Result "1-0"]
[WhiteElo "2160"]
[BlackElo "1960"]
[PlyCount "79"]
[EventDate "2011.??.??"]

1. d4 e6 2. c4 f5 3. g3 d5 4. Bg2 c6 5. Nf3 Bd6 6. O-O Nf6 7. b3 Qe7 8. Bb2 O-O
9. Qc1 Na6 10. Ba3 Ne4 11. Bxd6 Nxd6 12. Nbd2 Bd7 13. Ne5 Nf7 14. Ndf3 Rac8 15.
Qd2 Be8 16. c5 Nxe5 17. Nxe5 g5 18. f4 g4 19. h3 Qg7 20. hxg4 fxg4 21. e4 dxe4
22. Bxe4 Rd8 23. Qe3 Nb4 24. Rad1 Nd5 25. Qd2 Nf6 26. Bc2 Nd5 27. f5 exf5 28.
Bxf5 Nf6 29. Rf4 h5 30. Rdf1 Bd7 31. Nxd7 Nxd7 32. Be6+ Kh8 33. Rf7 Qg6 34.
Bxd7 Rxf7 35. Rxf7 Kg8 36. Bf5 Qxf7 37. Qg5+ Kf8 38. Qxd8+ Kg7 39. Qg5+ Kf8 40.
Qh6+ 1-0

[Event "ÎÏÅÍ-ÒÓÐÍÈÐ ÏÎÑÂßÙÅÍÍÛÉ 100-ËÅÒÈÞ È.Ë.ÈÒ"]
[Site "MOSCOW, Russia"]
[Date "2011.08.12"]
[Round "1"]
[White "Sorokin, Adones"]
[Black "Kovtunenko, Alexandr"]
[Result "0-1"]
[WhiteElo "1926"]
[BlackElo "2156"]
[PlyCount "36"]
[EventDate "2011.??.??"]

1. e4 e6 2. d4 d5 3. e5 c5 4. c3 Nc6 5. Nf3 Qb6 6. Be2 cxd4 7. cxd4 Nh6 8. b3
Bb4+ 9. Kf1 Nf5 10. Bb2 O-O 11. h4 f6 12. exf6 Rxf6 13. g4 Nfe7 14. h5 Rf4 15.
Rg1 e5 16. dxe5 Bxg4 17. Bc1 Bh3+ 18. Rg2 Rg4 0-1

[Event "ÎÏÅÍ-ÒÓÐÍÈÐ ÏÎÑÂßÙÅÍÍÛÉ 100-ËÅÒÈÞ È.Ë.ÈÒ"]
[Site "MOSCOW, Russia"]
[Date "2011.08.12"]
[Round "1"]
[White "Trofimovsky, Alexander"]
[Black "Bezhenar, Georgy"]
[Result "1-0"]
[WhiteElo "2131"]
[BlackElo "1924"]
[PlyCount "105"]
[EventDate "2011.??.??"]

1. c4 Nf6 2. Nf3 c6 3. Nc3 d5 4. cxd5 cxd5 5. d4 g6 6. Bf4 Bg7 7. Bxb8 Rxb8 8.
Qa4+ Bd7 9. Qxa7 O-O 10. e3 b5 11. Bd3 b4 12. Ne2 Rc8 13. O-O Ne4 14. Rfc1 Bc6
15. Ne5 Ra8 16. Nxc6 Rxa7 17. Nxd8 Rxd8 18. Bxe4 dxe4 19. Rc4 Rb8 20. Kf1 e6
21. Ke1 Bf8 22. Kd2 Rba8 23. Nc1 Rb8 24. Kc2 Kg7 25. Nb3 Rba8 26. Nc5 Rxa2 27.
Rxa2 Rxa2 28. Kb1 Ra5 29. Rxb4 Bxc5 30. dxc5 Rxc5 31. Rxe4 Rh5 32. h3 Rf5 33.
Rf4 Rd5 34. Kc2 e5 35. Rc4 Kf6 36. b4 Ke6 37. Kb3 Kd7 38. Rc2 h5 39. Ka4 h4 40.
b5 Rd1 41. b6 Rb1 42. Ka5 f5 43. Ka6 e4 44. Kb7 g5 45. Rd2+ Ke7 46. Kc7 Rc1+
47. Kb8 Rb1 48. b7 Ra1 49. Rd4 Ra2 50. Kc7 Rc2+ 51. Kb6 Rb2+ 52. Kc6 Rc2+ 53.
Kb5 1-0

[Event "ÎÏÅÍ-ÒÓÐÍÈÐ ÏÎÑÂßÙÅÍÍÛÉ 100-ËÅÒÈÞ È.Ë.ÈÒ"]
[Site "MOSCOW, Russia"]
[Date "2011.08.12"]
[Round "1"]
[White "Sarana, Alexey"]
[Black "Martynov, Vladimir"]
[Result "0-1"]
[WhiteElo "1921"]
[BlackElo "2125"]
[PlyCount "88"]
[EventDate "2011.??.??"]

1. e4 e5 2. Nf3 Nc6 3. Bb5 a6 4. Ba4 Nf6 5. O-O b5 6. Bb3 Be7 7. Re1 d6 8. c3
Na5 9. Bc2 c5 10. d4 Qc7 11. h3 O-O 12. Nbd2 cxd4 13. cxd4 Nc6 14. Nb3 a5 15.
Be3 a4 16. Nbd2 Nb4 17. Bb1 Bd7 18. a3 Na6 19. Bd3 Rac8 20. Rc1 Qb8 21. Qe2
Rfe8 22. Nb1 Rxc1 23. Rxc1 exd4 24. Nxd4 Nc5 25. Bxb5 Nb3 26. Nc3 Nxc1 27. Bxc1
Bxb5 28. Ndxb5 Bf8 29. Bf4 Qb6 30. Nxa4 Qc6 31. Nac3 Nxe4 32. Qf3 d5 33. Nc7
Rd8 34. N7xd5 Rxd5 35. Qxe4 Rd1+ 36. Kh2 Qxe4 37. Nxe4 Rd4 38. f3 f5 39. Be5
Rd5 40. Bc3 fxe4 41. fxe4 Rd3 42. a4 Bd6+ 43. Kg1 Bc5+ 44. Kf1 Kf7 0-1

[Event "ÎÏÅÍ-ÒÓÐÍÈÐ ÏÎÑÂßÙÅÍÍÛÉ 100-ËÅÒÈÞ È.Ë.ÈÒ"]
[Site "MOSCOW, Russia"]
[Date "2011.08.12"]
[Round "1"]
[White "Gromadin, Gleb"]
[Black "Bobrovnitsky, Petr"]
[Result "1-0"]
[WhiteElo "2113"]
[BlackElo "1845"]
[PlyCount "77"]
[EventDate "2011.??.??"]

1. e4 c5 2. Nf3 d6 3. c3 Nf6 4. h3 Nc6 5. d4 cxd4 6. Nxd4 e5 7. Nxc6 bxc6 8.
Bg5 Be7 9. Bd3 O-O 10. O-O d5 11. Nd2 Qc7 12. Qe2 Rd8 13. Rfe1 d4 14. Rac1 dxc3
15. Rxc3 Bb4 16. Rb3 Rb8 17. Rd1 a5 18. Bxf6 gxf6 19. Bc4 Bxd2 20. Rxd2 Rxb3
21. axb3 Rxd2 22. Qxd2 Be6 23. g4 Kg7 24. Kg2 c5 25. Bd5 Kg6 26. Kg3 Kg7 27.
Kh4 h6 28. Kh5 Bxd5 29. Qxh6+ Kg8 30. exd5 Qb7 31. Qd2 Qxb3 32. Kh4 Kf8 33. d6
Ke8 34. Qxa5 Qxb2 35. Qxc5 Qb7 36. Qc7 Qxc7 37. dxc7 Kd7 38. Kg3 Kxc7 39. Kf3
1-0

[Event "ÎÏÅÍ-ÒÓÐÍÈÐ ÏÎÑÂßÙÅÍÍÛÉ 100-ËÅÒÈÞ È.Ë.ÈÒ"]
[Site "MOSCOW, Russia"]
[Date "2011.08.12"]
[Round "1"]
[White "Avakian, Armen"]
[Black "Popov, Anton Yur"]
[Result "0-1"]
[WhiteElo "1818"]
[BlackElo "2106"]
[PlyCount "86"]
[EventDate "2011.??.??"]

1. e4 e5 2. Nf3 Nc6 3. Bb5 f5 4. d3 fxe4 5. dxe4 Nf6 6. O-O d6 7. Nc3 Be7 8.
Re1 Bg4 9. h3 Bh5 10. Qd3 Qd7 11. Nh4 O-O-O 12. Nf5 Bf8 13. Be3 Kb8 14. Nd5 Bg6
15. Bxc6 Qxc6 16. Nfe7 Bxe7 17. Nxe7 Qe8 18. Nxg6 Qxg6 19. c4 b6 20. Bd2 d5 21.
cxd5 Rxd5 22. Qc2 Nxe4 23. Qxe4 Qxe4 24. Rxe4 Rxd2 25. Rxe5 Rf8 26. Re7 Rfxf2
27. Rxg7 Rxb2 28. Rc1 Rxa2 29. Rcxc7 Rxg2+ 30. Kf1 Rxg7 31. Rxg7 h5 32. Rh7 Ra5
33. Ke2 Rc5 34. Kd3 a5 35. Rg7 a4 36. Rg2 Kb7 37. Ra2 b5 38. Kd4 Kb6 39. Ra3
Rg5 40. Ke4 Ka5 41. Kd4 Kb4 42. Ra1 a3 43. Rb1+ Ka4 0-1

[Event "ÎÏÅÍ-ÒÓÐÍÈÐ ÏÎÑÂßÙÅÍÍÛÉ 100-ËÅÒÈÞ È.Ë.ÈÒ"]
[Site "MOSCOW, Russia"]
[Date "2011.08.12"]
[Round "1"]
[White "Pokhlebin, Sergej"]
[Black "Raondi, Yan-Martin"]
[Result "1-0"]
[WhiteElo "2104"]
[BlackElo "1725"]
[PlyCount "61"]
[EventDate "2011.??.??"]

1. e4 e5 2. Nf3 Nf6 3. Nxe5 d6 4. Nf3 Nxe4 5. Nc3 Nxc3 6. dxc3 Be7 7. Be3 Bg4
8. Qd2 Nd7 9. O-O-O O-O 10. Kb1 a5 11. h4 Bh5 12. Be2 Nf6 13. Rdg1 Qd7 14. Bd3
a4 15. a3 Rfe8 16. Nd4 Ng4 17. Bf5 Qd8 18. Bg5 c5 19. Nb5 Ra6 20. Re1 Rb6 21.
c4 Ne5 22. Qf4 f6 23. Nc3 Bf7 24. Nd5 Bxd5 25. cxd5 Ng6 26. Qe4 fxg5 27. hxg5
Rxb2+ 28. Ka1 Nf8 29. Bxh7+ Nxh7 30. Qe6+ Kh8 31. Rxh7+ 1-0

[Event "ÎÏÅÍ-ÒÓÐÍÈÐ ÏÎÑÂßÙÅÍÍÛÉ 100-ËÅÒÈÞ È.Ë.ÈÒ"]
[Site "MOSCOW, Russia"]
[Date "2011.08.12"]
[Round "1"]
[White "Vasiliev, Mikhail"]
[Black "Einor, Pavel"]
[Result "0-1"]
[WhiteElo "1597"]
[BlackElo "2088"]
[PlyCount "104"]
[EventDate "2011.??.??"]

1. d4 Nc6 2. c4 e5 3. e3 g6 4. Nf3 Bg7 5. dxe5 Nxe5 6. Nxe5 Bxe5 7. g3 Ne7 8.
Bg2 O-O 9. O-O d6 10. Nc3 c6 11. e4 Be6 12. Qe2 Qa5 13. Bd2 Qb6 14. b3 Qc7 15.
Rac1 f5 16. f4 Bg7 17. Kh1 Rae8 18. Qf2 a6 19. Be3 fxe4 20. Nxe4 Nf5 21. Bd2
Bd4 22. Qf3 h6 23. Bc3 d5 24. Bxd4 Nxd4 25. Qf2 Qg7 26. Nc5 Bf7 27. Nd7 Re2 28.
Qg1 Rxa2 29. Nxf8 Ne2 30. Qb6 Nxc1 31. Nd7 Qb2 32. Qd8+ Kh7 33. Rg1 Nd3 34. h4
Nf2+ 35. Kh2 Ng4+ 36. Kh3 Qe2 37. Nf6+ Nxf6 38. Qxf6 Qe6+ 39. Qxe6 Bxe6+ 40.
Kh2 dxc4 41. bxc4 Bxc4 42. Kh1 Rb2 43. Rd1 a5 44. Be4 Kg7 45. Rd7+ Bf7 46. g4
a4 47. g5 hxg5 48. hxg5 a3 49. Rd1 Bd5 50. Bxd5 cxd5 51. Rxd5 a2 52. Rd7+ Kf8
0-1

[Event "ÎÏÅÍ-ÒÓÐÍÈÐ ÏÎÑÂßÙÅÍÍÛÉ 100-ËÅÒÈÞ È.Ë.ÈÒ"]
[Site "MOSCOW, Russia"]
[Date "2011.08.12"]
[Round "1"]
[White "Guseinov, Djelal"]
[Black "Krylov, Sergey V"]
[Result "1-0"]
[WhiteElo "2060"]
[BlackElo "1553"]
[PlyCount "71"]
[EventDate "2011.??.??"]

1. d4 Nf6 2. c4 e6 3. Nc3 Bb4 4. Qc2 c5 5. Nf3 cxd4 6. Nxd4 b6 7. a3 Be7 8. e4
d6 9. Be2 Bb7 10. O-O a6 11. Be3 O-O 12. Rac1 Nbd7 13. Rfd1 Qc7 14. f3 Rac8 15.
Bf1 Qb8 16. Qf2 Rfe8 17. b4 d5 18. cxd5 exd5 19. Nxd5 Nxd5 20. Rxc8 Rxc8 21.
exd5 Bd6 22. g3 Rc3 23. Nc6 Bxc6 24. dxc6 Rxc6 25. Qd2 Qc7 26. f4 Nf6 27. Bg2
Rc3 28. Qxd6 Qxd6 29. Rxd6 Rxe3 30. Rxb6 h5 31. Rxa6 Ng4 32. Bh3 Re2 33. Bxg4
hxg4 34. Ra8+ Kh7 35. b5 Kg6 36. Rc8 1-0

[Event "ÎÏÅÍ-ÒÓÐÍÈÐ ÏÎÑÂßÙÅÍÍÛÉ 100-ËÅÒÈÞ È.Ë.ÈÒ"]
[Site "MOSCOW, Russia"]
[Date "2011.08.16"]
[Round "2"]
[White "Popov, Anton Yur"]
[Black "Vul, Arkadi Eremeevich"]
[Result "1-0"]
[WhiteElo "2106"]
[BlackElo "2336"]
[PlyCount "141"]
[EventDate "2011.??.??"]

1. e4 e5 2. Nf3 Nc6 3. Bb5 g6 4. c3 Nge7 5. d4 exd4 6. cxd4 d5 7. Nc3 Bg7 8.
Bg5 dxe4 9. Nxe4 O-O 10. O-O h6 11. Bf6 Bxf6 12. Nxf6+ Kg7 13. d5 Kxf6 14. dxc6
Qxd1 15. Rfxd1 bxc6 16. Ba4 Rb8 17. b3 Bg4 18. Rd3 Rfd8 19. Rad1 Rd5 20. h3 Bf5
21. Rd4 Rbd8 22. b4 Be4 23. Rxe4 Rxd1+ 24. Bxd1 Rxd1+ 25. Kh2 Ra1 26. Re2 Nd5
27. Rb2 Rc1 28. Nd2 Ke5 29. Nb3 Rc4 30. a3 Rc3 31. Na5 Nb6 32. Re2+ Kf6 33. Ra2
c5 34. bxc5 Rxc5 35. Nb3 Rc3 36. Nd4 a5 37. Ne2 Rc4 38. Rb2 Ke6 39. Rd2 Ra4 40.
Nd4+ Kf6 41. Nb5 Rc4 42. Nxc7 Rxc7 43. Rd6+ Kg7 44. Rxb6 Rc3 45. h4 Rxa3 46. g3
Rf3 47. Kg2 Rf6 48. Rb3 a4 49. Ra3 Ra6 50. Kf3 Kf6 51. Ke4 Ke6 52. g4 h5 53. f3
f6 54. gxh5 gxh5 55. Kf4 Kd5 56. Kf5 Kc4 57. Kg6 Kb4 58. Ra1 Kc3 59. Kxh5 Kb2
60. Re1 a3 61. Kg6 a2 62. f4 a1=Q 63. Rxa1 Kxa1 64. f5 Kb2 65. h5 Kc3 66. h6
Kd4 67. h7 Ra8 68. Kxf6 Rh8 69. Kg7 Ra8 70. f6 Ke5 71. f7 1-0

[Event "ÎÏÅÍ-ÒÓÐÍÈÐ ÏÎÑÂßÙÅÍÍÛÉ 100-ËÅÒÈÞ È.Ë.ÈÒ"]
[Site "MOSCOW, Russia"]
[Date "2011.08.16"]
[Round "2"]
[White "Einor, Pavel"]
[Black "Bogumil, Pavel"]
[Result "1-0"]
[WhiteElo "2088"]
[BlackElo "2270"]
[PlyCount "81"]
[EventDate "2011.??.??"]

1. e4 c6 2. c4 d5 3. exd5 cxd5 4. cxd5 Nf6 5. Nc3 Nxd5 6. d4 e6 7. Nf3 Bb4 8.
Bd2 O-O 9. Bd3 Nf6 10. O-O Nc6 11. Bg5 h6 12. Bh4 Be7 13. Rc1 Nb4 14. Bb1 b6
15. Ne5 Bb7 16. a3 Nbd5 17. Qf3 Rc8 18. Bxf6 Nxc3 19. Qxb7 Ne2+ 20. Kh1 Rxc1
21. Rxc1 Bxf6 22. Qe4 g6 23. Qxe2 Qxd4 24. Nd3 Rd8 25. Qe3 Qd5 26. Qf3 Qxf3 27.
gxf3 Rd7 28. f4 Kg7 29. Kg2 g5 30. fxg5 hxg5 31. Rc4 Bd4 32. h3 e5 33. b3 e4
34. Ne1 f5 35. Nc2 Be5 36. Ne3 Rf7 37. Kf1 Bd6 38. a4 a5 39. Rc6 Bc5 40. Nc4
Rf6 41. Nxa5 1-0

[Event "ÎÏÅÍ-ÒÓÐÍÈÐ ÏÎÑÂßÙÅÍÍÛÉ 100-ËÅÒÈÞ È.Ë.ÈÒ"]
[Site "MOSCOW, Russia"]
[Date "2011.08.16"]
[Round "2"]
[White "Kondratiev, Vissarion L"]
[Black "Pokhlebin, Sergej"]
[Result "1-0"]
[WhiteElo "2173"]
[BlackElo "2104"]
[PlyCount "102"]
[EventDate "2011.??.??"]

1. e4 e5 2. Nc3 Nc6 3. Bc4 Nf6 4. d3 Bc5 5. f4 d6 6. f5 Na5 7. Qf3 c6 8. Nge2
b5 9. Bb3 Qb6 10. Bg5 Nxb3 11. axb3 Bb7 12. Bh4 O-O-O 13. Bf2 h5 14. b4 Bxf2+
15. Qxf2 c5 16. bxc5 dxc5 17. h3 Bc6 18. O-O Kb7 19. Nc1 c4 20. b3 cxd3 21.
cxd3 Qxf2+ 22. Rxf2 Rd7 23. Rfa2 Kb8 24. Kf2 Rc7 25. Ra5 a6 26. N3a2 Bb7 27.
Nb4 Rhc8 28. Ne2 Nd7 29. Nxa6+ Bxa6 30. Rxa6 Nc5 31. Ra8+ Kb7 32. Rxc8 Rxc8 33.
Nc1 b4 34. Ke3 Kb6 35. Ra2 Na6 36. Kd2 Rc3 37. Rc2 Rxc2+ 38. Kxc2 Nc7 39. Ne2
Kc6 40. Kd2 Nb5 41. Ke3 Nc3 42. Ng3 h4 43. Nh5 g6 44. fxg6 fxg6 45. Nf6 Na2 46.
Kd2 Nc3 47. Nh7 Nb5 48. Kc2 Kd7 49. Kb2 Ke7 50. Kc2 Kd7 51. Kb2 Nd4 1-0

[Event "ÎÏÅÍ-ÒÓÐÍÈÐ ÏÎÑÂßÙÅÍÍÛÉ 100-ËÅÒÈÞ È.Ë.ÈÒ"]
[Site "MOSCOW, Russia"]
[Date "2011.08.16"]
[Round "2"]
[White "Seleznev, Yury"]
[Black "Yudkevich, Mikhail"]
[Result "0-1"]
[WhiteElo "2048"]
[BlackElo "2160"]
[PlyCount "58"]
[EventDate "2011.??.??"]

1. e4 c5 2. d4 cxd4 3. c3 dxc3 4. Nxc3 Nc6 5. Nf3 e6 6. Bc4 a6 7. O-O Nge7 8.
Qe2 Ng6 9. Rd1 Be7 10. Be3 b5 11. Bb3 O-O 12. Rac1 Bb7 13. a3 Rc8 14. Nd2 Bf6
15. Nf1 Na5 16. Ba2 Nc4 17. Bd4 Bg5 18. Rc2 Nf4 19. Qg4 f5 20. exf5 h5 21. Qg3
h4 22. Qe3 Nxe3 23. fxe3 Nh3+ 24. gxh3 Rxf5 25. Rcd2 Qe8 26. Bb1 Qg6 27. Ng3
hxg3 28. Bxf5 Qxf5 29. Rf1 Qxh3 0-1

[Event "ÎÏÅÍ-ÒÓÐÍÈÐ ÏÎÑÂßÙÅÍÍÛÉ 100-ËÅÒÈÞ È.Ë.ÈÒ"]
[Site "MOSCOW, Russia"]
[Date "2011.08.16"]
[Round "2"]
[White "Kovtunenko, Alexandr"]
[Black "Guseinov, Djelal"]
[Result "1-0"]
[WhiteElo "2156"]
[BlackElo "2060"]
[PlyCount "79"]
[EventDate "2011.??.??"]

1. e4 e6 2. d4 d5 3. Nc3 Bb4 4. e5 c5 5. a3 Bxc3+ 6. bxc3 Ne7 7. Qg4 Qc7 8.
Qxg7 Rg8 9. Qxh7 cxd4 10. Ne2 Nbc6 11. f4 Bd7 12. Qd3 dxc3 13. Nxc3 a6 14. Rb1
Na5 15. h4 Nf5 16. Rh3 O-O-O 17. h5 Nc4 18. Rb4 Bc6 19. Ne2 Bb5 20. a4 Qc5 21.
Ba3 Bc6 22. Qc3 Qa7 23. Bc1 Kb8 24. a5 Ka8 25. Rd3 Rc8 26. Nd4 Nxd4 27. Qxd4
Rg4 28. Rb6 f6 29. exf6 e5 30. Qc5 exf4 31. Rxd5 Re8+ 32. Kf2 Bxd5 33. Bxc4
Bxc4 34. Qxc4 Qb8 35. f7 Rc8 36. Qe4 Qc7 37. Rxa6+ Kb8 38. Rg6 Qc5+ 39. Kf3 Rh4
40. Bxf4+ 1-0

[Event "ÎÏÅÍ-ÒÓÐÍÈÐ ÏÎÑÂßÙÅÍÍÛÉ 100-ËÅÒÈÞ È.Ë.ÈÒ"]
[Site "MOSCOW, Russia"]
[Date "2011.08.16"]
[Round "2"]
[White "Martynov, Vladimir"]
[Black "Andreev, Petr"]
[Result "0-1"]
[WhiteElo "2125"]
[BlackElo "2036"]
[PlyCount "87"]
[EventDate "2011.??.??"]

1. e4 d6 2. d4 g6 3. Nf3 Bg7 4. Nc3 Nc6 5. Bc4 Nf6 6. d5 Nb8 7. O-O O-O 8. a4
Re8 9. a5 a6 10. Be3 e5 11. dxe6 Bxe6 12. Bxe6 Rxe6 13. e5 Ng4 14. Ng5 Nxe3 15.
Nxe6 Nxd1 16. Nxd8 Nxc3 17. bxc3 Bxe5 18. Ra3 Bf6 19. Nxb7 Nc6 20. Ra4 Na7 21.
c4 Rb8 22. Rb1 Nc6 23. Kf1 Bc3 24. Rb3 Be5 25. c3 Kf8 26. g3 Ke7 27. Ra1 Kd7
28. Rab1 Ra8 29. f4 Bf6 30. Ke2 h6 31. Rd1 Kc8 32. h4 Ra7 33. Rdb1 g5 34. h5 g4
35. Kd3 Kd7 36. Ke4 Ne7 37. Rd1 Kc8 38. Nxd6+ cxd6 39. Rxd6 Bg7 40. Kd3 Kc7 41.
Rbb6 Nc8 42. Rxh6 Bxh6 43. Rxh6 Nd6 44. Kd4 0-1

[Event "ÎÏÅÍ-ÒÓÐÍÈÐ ÏÎÑÂßÙÅÍÍÛÉ 100-ËÅÒÈÞ È.Ë.ÈÒ"]
[Site "MOSCOW, Russia"]
[Date "2011.08.16"]
[Round "2"]
[White "Kurakulov, Sergey"]
[Black "Gromadin, Gleb"]
[Result "0-1"]
[WhiteElo "2013"]
[BlackElo "2113"]
[PlyCount "68"]
[EventDate "2011.??.??"]

1. f4 c5 2. b3 Nf6 3. Bb2 d5 4. e3 e6 5. Nf3 Bd6 6. Ne5 O-O 7. Be2 Nc6 8. O-O
Qe7 9. Qe1 Nd7 10. Qg3 f6 11. Nxc6 bxc6 12. Ba3 e5 13. f5 a5 14. Nc3 Nb6 15. e4
Bb7 16. Qf2 Rfd8 17. Rfb1 Ba6 18. Bxa6 Rxa6 19. Qe2 c4 20. Bxd6 Qxd6 21. Rb2
Raa8 22. Rbb1 Rab8 23. Rd1 d4 24. Na4 d3 25. cxd3 Nxa4 26. dxc4 Nb2 27. Rdb1 a4
28. Kf1 a3 29. Rc1 Qxd2 30. Rc2 Qf4+ 31. Kg1 Rd4 32. Re1 Rbd8 33. Rxb2 axb2 34.
Qxb2 Rd2 0-1

[Event "ÎÏÅÍ-ÒÓÐÍÈÐ ÏÎÑÂßÙÅÍÍÛÉ 100-ËÅÒÈÞ È.Ë.ÈÒ"]
[Site "MOSCOW, Russia"]
[Date "2011.08.16"]
[Round "2"]
[White "Leite, Ernst"]
[Black "Cherviakov, Valery"]
[Result "0-1"]
[WhiteElo "1954"]
[BlackElo "1998"]
[PlyCount "70"]
[EventDate "2011.??.??"]

1. d4 Nf6 2. c4 e6 3. Nc3 c5 4. d5 exd5 5. cxd5 g6 6. e4 d6 7. f4 Bg7 8. Bb5+
Nfd7 9. Nf3 O-O 10. O-O a6 11. Bxd7 Nxd7 12. a4 Re8 13. Qc2 Rb8 14. a5 b5 15.
axb6 Rxb6 16. Kh1 Qc7 17. Bd2 Qb8 18. Ra2 Rb3 19. Na4 Nf6 20. Re1 Bg4 21. Bc3
Rb7 22. h3 Bd7 23. g4 Bb5 24. g5 Nh5 25. Bxg7 Nxg7 26. f5 Nh5 27. Kg1 Nf4 28.
Qd2 Nd3 29. Re3 Ne5 30. Nxe5 Rxe5 31. Qc1 gxf5 32. exf5 Rbe7 33. Rxe5 Rxe5 34.
Qc2 Qc8 35. Nc3 Rxf5 0-1

[Event "ÎÏÅÍ-ÒÓÐÍÈÐ ÏÎÑÂßÙÅÍÍÛÉ 100-ËÅÒÈÞ È.Ë.ÈÒ"]
[Site "MOSCOW, Russia"]
[Date "2011.08.16"]
[Round "2"]
[White "Spichkin, Alexander"]
[Black "Grigoryeva, Olga A"]
[Result "1-0"]
[WhiteElo "2216"]
[BlackElo "2083"]
[PlyCount "117"]
[EventDate "2011.??.??"]

1. f4 Nf6 2. Nf3 g6 3. e3 Bg7 4. d4 d6 5. Bc4 O-O 6. O-O Bf5 7. c3 Nbd7 8. Nbd2
Re8 9. e4 Nxe4 10. Nxe4 Bxe4 11. Bxf7+ Kxf7 12. Ng5+ Kg8 13. Qb3+ e6 14. Nxe4
b6 15. f5 gxf5 16. Bg5 Qc8 17. Ng3 d5 18. Nh5 h6 19. Bh4 c5 20. Rf3 Bh8 21. g4
Nf8 22. gxf5 exf5 23. Qxd5+ Qe6 24. Qxe6+ Rxe6 25. dxc5 bxc5 26. Rxf5 Re5 27.
Nf6+ Bxf6 28. Rxf6 Re6 29. Raf1 Rae8 30. R1f3 Rxf6 31. Rxf6 Re6 32. Rxe6 Nxe6
33. b4 cxb4 34. cxb4 a6 35. a4 Kf7 36. b5 a5 37. Be1 Nc5 38. Bxa5 Nxa4 39. Bd2
h5 40. Be3 Ke6 41. Kg2 Nc3 42. b6 Kd7 43. Kg3 Nd5 44. Bd4 Ne7 45. Kf4 Kc6 46.
Bf2 h4 47. Kg4 Ng6 48. Kg5 Ne5 49. Kxh4 Nd3 50. Kg3 Ne5 51. h4 Nf7 52. Kg4 Kd7
53. Bg3 Nd8 54. h5 Ke8 55. Bc7 Nb7 56. Kg5 Kf7 57. h6 Nc5 58. Be5 Nd7 59. h7
1-0

[Event "ÎÏÅÍ-ÒÓÐÍÈÐ ÏÎÑÂßÙÅÍÍÛÉ 100-ËÅÒÈÞ È.Ë.ÈÒ"]
[Site "MOSCOW, Russia"]
[Date "2011.08.16"]
[Round "2"]
[White "Losev, Dmitry"]
[Black "Bocharnikov, Oleg"]
[Result "1-0"]
[WhiteElo "2317"]
[BlackElo "1877"]
[PlyCount "43"]
[EventDate "2011.??.??"]

1. e4 e5 2. Nf3 Nc6 3. Bc4 Bc5 4. c3 Nf6 5. d4 exd4 6. cxd4 Bb4+ 7. Nbd2 d5 8.
exd5 Nxd5 9. O-O O-O 10. a3 Bxd2 11. Qxd2 Bg4 12. Ne5 Nxe5 13. dxe5 Nb6 14. Bd3
Qd5 15. Qc2 h6 16. Bf4 c6 17. h3 Be6 18. Rad1 Qb3 19. Qc1 Nc4 20. Bxh6 gxh6 21.
Qxh6 Bxh3 22. Qh7# 1-0

[Event "ÎÏÅÍ-ÒÓÐÍÈÐ ÏÎÑÂßÙÅÍÍÛÉ 100-ËÅÒÈÞ È.Ë.ÈÒ"]
[Site "MOSCOW, Russia"]
[Date "2011.08.16"]
[Round "2"]
[White "Temirbieva, Liana"]
[Black "Ljamin, Vladimir"]
[Result "0-1"]
[WhiteElo "1764"]
[BlackElo "2111"]
[PlyCount "58"]
[EventDate "2011.??.??"]

1. e4 c5 2. Nf3 Nc6 3. d4 cxd4 4. Nxd4 Nf6 5. Nc3 e5 6. Ndb5 d6 7. Bg5 Be7 8.
Bxf6 gxf6 9. Nd5 Rb8 10. Ndc7+ Kf8 11. Bc4 Rg8 12. Qh5 Rg7 13. Nd5 Be6 14. a4
a6 15. Nbc7 Nd4 16. O-O Rc8 17. Bd3 Rxc7 18. Nxc7 Qxc7 19. h3 d5 20. exd5 Bxd5
21. f3 Ne6 22. Qh6 Nf4 23. Bxh7 Bc5+ 24. Kh1 Qc6 25. Rad1 Nxg2 26. Be4 Bxe4 27.
fxe4 Nf4 28. Rfe1 Be7 29. Kh2 Qxc2+ 0-1

[Event "ÎÏÅÍ-ÒÓÐÍÈÐ ÏÎÑÂßÙÅÍÍÛÉ 100-ËÅÒÈÞ È.Ë.ÈÒ"]
[Site "MOSCOW, Russia"]
[Date "2011.08.16"]
[Round "2"]
[White "Kuptsov, Anatoly"]
[Black "Vasiliev, Mikhail"]
[Result "1-0"]
[WhiteElo "1972"]
[BlackElo "1597"]
[PlyCount "115"]
[EventDate "2011.??.??"]

1. Nf3 Nc6 2. d4 e6 3. a3 Be7 4. e3 Nf6 5. Bd3 b6 6. b4 a5 7. b5 Na7 8. Bb2 Bb7
9. Nbd2 O-O 10. e4 c6 11. c4 cxb5 12. cxb5 Rc8 13. O-O d6 14. Qe2 h6 15. Rac1
Qd7 16. a4 Rxc1 17. Rxc1 Rc8 18. Nc4 Qd8 19. h3 d5 20. e5 dxc4 21. exf6 cxd3
22. fxe7 Rxc1+ 23. Bxc1 Qxe7 24. Qxd3 Bd5 25. Ba3 Qc7 26. Ne5 Nc8 27. f4 Nd6
28. Bxd6 Qxd6 29. Qc3 Qe7 30. Qc8+ Kh7 31. Nd7 Kg6 32. Nxb6 Qa3 33. Qc2+ f5 34.
Qd2 Be4 35. Kh2 Kf7 36. Nd7 Qxa4 37. Qe2 Ke7 38. Ne5 Qxd4 39. Qh5 Kd6 40. Qe8
Kc5 41. Qe7+ Qd6 42. Qxg7 Kxb5 43. Qxh6 a4 44. Qh5 a3 45. Qe2+ Ka4 46. Qc4+ Qb4
47. Qxe6 Qc5 48. Nd7 Qb5 49. Ne5 Qe2 50. Qd7+ Kb3 51. Qe6+ Kc3 52. Qc8+ Kd2 53.
Qg8 Ke1 54. Qg3+ Kf1 55. Nc4 Qxc4 56. Qxa3 Qe2 57. Qc1+ Kf2 58. Qg1# 1-0

[Event "ÎÏÅÍ-ÒÓÐÍÈÐ ÏÎÑÂßÙÅÍÍÛÉ 100-ËÅÒÈÞ È.Ë.ÈÒ"]
[Site "MOSCOW, Russia"]
[Date "2011.08.16"]
[Round "2"]
[White "Raondi, Yan-Martin"]
[Black "Shirman, Mikhail"]
[Result "1/2-1/2"]
[WhiteElo "1725"]
[BlackElo "1965"]
[PlyCount "41"]
[EventDate "2011.??.??"]

1. Nf3 c5 2. c3 Nf6 3. d4 d5 4. Bf4 e6 5. Nbd2 Nc6 6. Qc2 Bd6 7. Bg3 b6 8. e4
Bxg3 9. hxg3 dxe4 10. Nxe4 Bb7 11. Nxf6+ Qxf6 12. dxc5 bxc5 13. Rxh7 O-O-O 14.
Rxh8 Rxh8 15. O-O-O Ne5 16. Nxe5 Qxe5 17. Qd2 Bd5 18. Ba6+ Kb8 19. c4 Bc6 20.
Qa5 Qg5+ 21. f4 1/2-1/2